God's heirs: (Record no. 5671)

000 -LEADER
fixed length control field 00664nam a2200181 a 4500
001 - CONTROL NUMBER
control field :::00003413$&:&@@
003 - CONTROL NUMBER IDENTIFIER
control field OkBaRHE
005 - DATE AND TIME OF LATEST TRANSACTION
control field 20000607103305.0
008 - FIXED-LENGTH DATA ELEMENTS--GENERAL INFORMATION
fixed length control field s1963 j 000 0 eng u
040 ## - CATALOGING SOURCE
Transcribing agency
100 1# - MAIN ENTRY--PERSONAL NAME
Personal name Barnhouse, Donald Grey, 1895-1960.
245 10 - TITLE STATEMENT
Title God's heirs:
Remainder of title Exposition of Bible doctrines, taking the Epistle of the Romans as a point of departure.
260 ## - PUBLICATION, DISTRIBUTION, ETC. (IMPRINT)
Place of publication, distribution, etc Philadelphia, PA., :
Name of publisher, distributor, etc The Evangelical Foundation, Inc.
Date of publication, distribution, etc c1963
300 ## - PHYSICAL DESCRIPTION
Extent 244 p. ;
Dimensions 21 cm.
650 ## - SUBJECT ADDED ENTRY--TOPICAL TERM
Topical term or geographic name as entry element Bible New Testament Romans
General subdivision Study
942 ## - ADDED ENTRY ELEMENTS (KOHA)
Source of classification or shelving scheme
Koha item type Books
Copies
Lost status Price effective from Total Checkouts Current Location Full call number Damaged status Date last seen Not for loan Withdrawn status Koha item type Source of classification or shelving scheme Date checked out Permanent Location Barcode Shelving location Date acquired Copy number
 2010-04-141RHEMA Bible Training CollegeBS 2665 .B311 2018-03-28  Books 2011-11-16RHEMA Bible Training College3413General Stacks2010-04-141